[Event "GER-ch Youth U12M 2018"]
[Site "Willingen"]
[Date "2018.05.24"]
[Round "8"]
[White "Chassard, Cedric"]
[Black "Schubert, Nikita"]
[Result "0-1"]
[WhiteElo "1590"]
[BlackElo "1802"]
[Annotator "NA"]
[PlyCount "138"]
[EventDate "2018.05.19"]
[EventType "swiss"]
[EventCountry "GER"]
[SourceTitle "playchess.com"]
[Source "ChessBase"]
[SourceQuality "1"]
[TimeControl "40/4500+30:900+30"]

1. e4 {[%emt 0:00:00]} e5 {[%emt 0:00:04]} 2. Nf3 {[%emt 0:00:00]} Nc6 {[%emt 0:00:04]} 3. Bc4 {[%emt 0:00:00]} Nf6 {[%emt 0:00:05]} 4. d3 {[%emt 0:00:00]} Bc5 {[%emt 0:00:16]} 5. Nc3 {[%emt 0:00:35]} O-O {[%emt 0:00:27]} 6. O-O {[%emt 0:00:55] LiveBook: 60 Games} Be7 {[%emt 0:05:32] C55: Two Knights: 4 d3, 4 d4 exd4 5 e5 and Max Lange Attack} (6... h6 7. Na4 Be7 8. a3 d6 9. h3 Be6 10. Bxe6 fxe6 11. Nc3 Qe8 12. d4 Nxd4 13. Nxd4 exd4 14. Qxd4 Qc6 15. e5 dxe5 16. Qxe5 {½-½ (54) Fedoseev,V (2733)-Roiz,M (2604) Antalya 2017}) 7. Ne2 {[%emt 0:04:19]} d6 {[%emt 0:01:35]} 8. Ng3 $146 {[%emt 0:00:14]} ({Predecessor:} 8. h3 d5 9. exd5 Nxd5 10. Bxd5 Qxd5 11. Ng3 Be6 12. Re1 Rad8 13. Qe2 {1-0 (87) Calin,M (1202)-Savu,V (1078) Calimanesti 2018}) 8... Na5 {[%emt 0:00:42]} 9. Bb3 {[%emt 0:00:46]} Nxb3 {[%emt 0:01:35]} 10. axb3 {[%emt 0:00:25]} c6 {[%emt 0:12:29]} 11. Qe2 {[%emt 0:03:30]} Re8 {[%emt 0:03:09]} 12. Be3 {[%emt 0:01:33]} a6 {[%emt 0:04:02]} 13. h3 {[%emt 0:02:17]} Qc7 {[%emt 0:02:15]} 14. Rfe1 {[%emt 0:03:05]} h6 {[%emt 0:13:03]} 15. Bd2 {[%emt 0:04:48]} Be6 {[%emt 0:02:36]} 16. Nh4 {[%emt 0:11:25]} Nxe4 {[%emt 0:15:14]} 17. Qxe4 {[%emt 0:00:37]} d5 {[%emt 0:00:28]} 18. Qxe5 {[%emt 0:01:00]} Qxe5 19. Rxe5 {[%emt 0:00:06]} Bxh4 {[%emt 0:00:22]} 20. c3 {[%emt 0:01:57]} Bf6 {[%emt 0:08:42]} 21. Re2 {[%emt 0:01:13]} c5 {[%emt 0:01:39]} 22. Rae1 {[%emt 0:01:24]} Red8 {[%emt 0:01:53]} 23. Nh5 {[%emt 0:01:55]} Be7 {[%emt 0:02:11]} (23... d4 $11) 24. Nf4 {[%emt 0:00:27]} Rd6 {[%emt 0:05:24]} 25. Nxe6 {[%emt 0:00:22]} fxe6 {[%emt 0:00:37]} 26. Rxe6 {[%emt 0:00:20]} Rxe6 {[%emt 0:00:04]} 27. Rxe6 {[%emt 0:00:05]} Kf7 {[%emt 0:00:03]} 28. Re1 {[%emt 0:00:42]} Bf6 {[%emt 0:00:35]} 29. Bf4 {[%emt 0:00:43]} Rc8 {[%emt 0:00:51]} 30. Kf1 {[%emt 0:00:55]} Rc6 {[%emt 0:00:23]} 31. Bg3 {[%emt 0:01:29]} (31. Ra1 $14) 31... Rb6 {[%emt 0:00:22]} 32. Be5 {[%emt 0:05:23]} Rxb3 {[%emt 0:01:19]} 33. Bxf6 {[%emt 0:00:41]} Kxf6 {[%emt 0:00:07]} 34. Re2 {[%emt 0:00:24]} Rb6 {[%emt 0:02:43]} 35. f4 {[%emt 0:00:42]} Re6 {[%emt 0:00:51]} 36. Rd2 {[%emt 0:01:49]} Kf5 {[%emt 0:00:15]} 37. g3 {[%emt 0:00:16]} h5 {[%emt 0:00:37]} 38. Kf2 {[%emt 0:00:49]} h4 {[%emt 0:00:29]} 39. gxh4 {[%emt 0:00:41]} Kxf4 {[%emt 0:00:14]} 40. d4 {[%emt 0:02:43]} c4 {[%emt 0:15:33]} 41. Kg2 {[%emt 0:15:42]} Rg6+ {[%emt 0:01:08]} 42. Kf1 {[%emt 0:02:33]} Rg3 {[%emt 0:00:00]} 43. Re2 {[%emt 0:00:00]} Re3 {[%emt 0:00:00]} 44. Rg2 {[%emt 0:00:00]} Rg3 {[%emt 0:00:00]} 45. Re2 {[%emt 0:00:00]} Re3 {[%emt 0:00:00]} 46. Rg2 {[%emt 0:00:00]} Re7 {[%emt 0:00:00]} 47. Rg5 {[%emt 0:00:00]} Rf7 {[%emt 0:00:00]} 48. Ke2 {[%emt 0:00:00]} Ke4 {[%emt 0:00:00]} 49. Re5+ {[%emt 0:00:00]} Kf4 {[%emt 0:00:00]} 50. Rxd5 {[%emt 0:00:00]} Kg3 {[%emt 0:00:00]} 51. Kd2 {[%emt 0:00:00]} Kxh4 {[%emt 0:00:38]} 52. Rd8 {[%emt 0:00:00]} Kxh3 {[%emt 0:00:53]} 53. d5 {[%emt 0:00:00]} g5 {[%emt 0:01:02]} 54. d6 {[%emt 0:00:00]} g4 {[%emt 0:00:01]} 55. d7 {[%emt 0:00:00]} Kg2 {[%emt 0:00:05]} 56. Ke3 {[%emt 0:00:00]} g3 $19 {[%emt 0:01:28]} 57. Ke2 {[%emt 0:00:00]} Kg1 {[%emt 0:01:26]} 58. Ke1 {[%emt 0:00:00]} Re7+ {[%emt 0:01:24]} 59. Kd2 {[%emt 0:00:00]} g2 {[%emt 0:00:46]} 60. Kd1 {[%emt 0:00:00]} b5 {[%emt 0:00:33]} 61. Kd2 {[%emt 0:00:56]} a5 {[%emt 0:00:07]} 62. Kd1 {[%emt 0:01:45]} b4 {[%emt 0:00:06]} 63. cxb4 {[%emt 0:00:04]} axb4 {[%emt 0:00:01]} 64. Kd2 {[%emt 0:00:22]} Rf7 {[%emt 0:00:16]} 65. Ke2 {[%emt 0:00:17]} c3 {[%emt 0:00:18]} 66. bxc3 {[%emt 0:00:27]} bxc3 {[%emt 0:00:01]} 67. Ke1 {[%emt 0:02:12]} c2 {[%emt 0:00:08]} 68. Rc8 {[%emt 0:00:24]} Rxd7 {[%emt 0:00:19]} 69. Rxc2 {[%emt 0:00:06]} Kh1 {[%emt 0:00:35]} 0-1

[Event "GER-ch Youth U12M 2018"]
[Site "Willingen"]
[Date "2018.05.25"]
[Round "9"]
[White "Wagner, Leopold Franziskus"]
[Black "Chassard, Cedric"]
[Result "1/2-1/2"]
[WhiteElo "2234"]
[BlackElo "1590"]
[Annotator "NA RC"]
[PlyCount "173"]
[EventDate "2018.05.19"]
[EventType "swiss"]
[EventCountry "GER"]
[SourceTitle "playchess.com"]
[Source "ChessBase"]
[SourceQuality "1"]
[TimeControl "40/4500+30:900+30"]

1. d4 {[%emt 0:00:00]} e6 {[%emt 0:00:03]} 2. Nf3 {[%emt 0:00:00]} Nf6 {[%emt 0:00:18]} 3. g3 {[%emt 0:00:00]} c5 {[%emt 0:01:04]} 4. c3 {[%emt 0:01:29]} Nc6 {[%emt 0:01:11]} 5. Bg2 {[%emt 0:00:16]} Be7 {[%emt 0:01:20]} 6. O-O {[%emt 0:00:28]} O-O {[%emt 0:00:43]} 7. Nbd2 {[%emt 0:00:34] A46: 1 d4 Nf6 2 Nf3 e6: Torre, London and Colle Systems} (7. Bg5 cxd4 8. Nxd4 Qb6 9. Nb3 d5 10. N1d2 Rd8 11. Qc2 h6 12. Be3 Qc7 13. Bc5 Bxc5 14. Nxc5 e5 {1-0 (57) Yandemirov,V (2394)-Bocharov,D (2577) Kazan 2015}) 7... b5 $146 {[%emt 0:03:08]} ({Predecessor:} 7... cxd4 8. cxd4 d5 9. e3 b6 10. Re1 Ba6 11. a3 Qc8 12. b3 Bd3 13. Bb2 Qa6 14. Bf1 Rac8 {0-1 (40) Misic,D (2262)-Radovic,J (2258) Kragujevac 2016}) 8. e4 {[%emt 0:00:30]} Qb6 {[%emt 0:00:35]} 9. dxc5 {[%emt 0:03:09]} Bxc5 {[%emt 0:00:18]} 10. Qe2 {[%emt 0:01:03]} a5 {[%emt 0:03:43]} 11. e5 {[%emt 0:03:41]} Nd5 {[%emt 0:01:21]} 12. Ne4 {[%emt 0:01:10]} Ba6 {[%emt 0:01:08]} 13. Qc2 {[%emt 0:03:10]} f5 {[%emt 0:00:33]} (13... Be7 $14) 14. exf6 {[%emt 0:01:45]} Nxf6 {[%emt 0:00:15]} 15. Nxf6+ {[%emt 0:01:24]} Rxf6 {[%emt 0:00:45]} 16. Ng5 {[%emt 0:00:32]} g6 {[%emt 0:00:57]} 17. Ne4 {[%emt 0:00:36]} Rf7 {[%emt 0:01:20]} 18. Nxc5 {[%emt 0:01:15]} Qxc5 {[%emt 0:00:14]} 19. Be3 {[%emt 0:00:08]} Qf5 {[%emt 0:01:02]} 20. Be4 {[%emt 0:00:57]} Qf6 {[%emt 0:00:57]} 21. f4 {[%emt 0:02:05]} d5 {[%emt 0:00:43]} 22. Bg2 {[%emt 0:00:22]} b4 {[%emt 0:01:09]} 23. Rfe1 {[%emt 0:01:11]} bxc3 {[%emt 0:00:23]} 24. bxc3 {[%emt 0:00:06]} Bc4 {[%emt 0:01:42]} 25. Rab1 {[%emt 0:01:01]} Qf5 {[%emt 0:01:46]} 26. Qa4 {[%emt 0:01:47]} Rc7 {[%emt 0:02:40]} ({Black should play} 26... Rc8 $14) 27. Rb6 {[%emt 0:01:50]} Rac8 {[%emt 0:02:00]} 28. Rd1 {[%emt 0:07:47]} Qf7 {[%emt 0:02:54]} (28... Bd3 $14 29. Re1 Qf6) 29. Bh3 {[%emt 0:04:07]} Be2 {[%emt 0:02:54]} 30. Re1 {[%emt 0:01:00]} Bd3 {[%emt 0:00:23]} 31. Bc5 {[%emt 0:00:34]} Nd8 {[%emt 0:01:51]} 32. Bd4 {[%emt 0:00:41]} Rc4 {[%emt 0:01:08]} 33. Qa3 {[%emt 0:03:53]} R4c6 {[%emt 0:01:21]} 34. Qxa5 {[%emt 0:01:27]} Rxb6 {[%emt 0:00:38]} 35. Qxb6 {[%emt 0:00:09]} Be4 {[%emt 0:00:43]} 36. Qd6 {[%emt 0:00:47]} Bf5 {[%emt 0:03:15]} 37. Bg2 $2 {[%emt 0:01:27]} (37. Bxf5 $18 {ist viel giftiger.} gxf5 38. a4) 37... Qc7 {[%emt 0:01:26]} 38. Qb4 $2 {[%emt 0:02:17]} (38. Qxc7 $18 Rxc7 39. Bb6) 38... Nc6 {[%emt 0:01:00]} 39. Qb2 {[%emt 0:09:26]} Nxd4 {[%emt 0:00:13]} 40. cxd4 {[%emt 0:02:21]} Qc3 {[%emt 0:15:31]} 41. Qxc3 {[%emt 0:21:40]} Rxc3 {[%emt 0:00:11]} 42. Rd1 {[%emt 0:01:10]} Ra3 {[%emt 0:01:04]} 43. Ra1 {[%emt 0:02:52]} Kf7 {[%emt 0:00:24]} 44. Bf1 {[%emt 0:11:44]} Bc2 {[%emt 0:02:03]} 45. Bh3 {[%emt 0:00:31]} Bf5 {[%emt 0:00:39]} 46. Bxf5 {[%emt 0:00:31]} exf5 {[%emt 0:00:26]} 47. Kf2 {[%emt 0:00:32]} Kf6 {[%emt 0:01:18]} 48. Ke2 {[%emt 0:00:13]} Ke6 {[%emt 0:00:04]} 49. Kd2 {[%emt 0:00:14]} Kd6 {[%emt 0:00:15]} 50. Kc2 {[%emt 0:00:43]} Kc6 {[%emt 0:00:51]} 51. Rc1 {[%emt 0:02:17]} Kb6 {[%emt 0:00:31]} 52. Rb1+ {[%emt 0:02:19]} Ka7 {[%emt 0:01:08]} 53. Rb2 {[%emt 0:01:36]} Re3 {[%emt 0:01:06]} 54. Kd2 {[%emt 0:01:10]} Ra3 {[%emt 0:00:08]} 55. Ke2 {[%emt 0:00:16]} Rc3 {[%emt 0:00:07]} 56. Rd2 {[%emt 0:00:37]} Ra3 {[%emt 0:01:06]} 57. Kf2 {[%emt 0:00:18]} Rc3 {[%emt 0:00:17]} 58. Kg2 {[%emt 0:00:25]} Ra3 {[%emt 0:00:10]} 59. Kh3 {[%emt 0:00:15]} h6 {[%emt 0:00:24]} 60. Kh4 {[%emt 0:00:14]} Kb7 {[%emt 0:00:34]} 61. Kh3 {[%emt 0:00:00]} ({White should try} 61. Re2 $16) 61... Ka7 {[%emt 0:00:00]} 62. Re2 {[%emt 0:00:00]} Rd3 {[%emt 0:00:00]} 63. Re6 {[%emt 0:00:00]} g5 {[%emt 0:00:00]} 64. fxg5 {[%emt 0:00:00]} hxg5 {[%emt 0:00:00] [#]} 65. Re5 {[%emt 0:00:00]} ({White should play} 65. Rg6 $1 $16) 65... Rxd4 {[%emt 0:00:00]} 66. Rxf5 {[%emt 0:00:00]} g4+ {[%emt 0:00:00]} 67. Kh4 {[%emt 0:00:00]} Kb6 {[%emt 0:00:00]} 68. Rf4 {[%emt 0:00:00]} Rd2 {[%emt 0:00:00]} 69. Kxg4 {[%emt 0:00:00]} Rxh2 {[%emt 0:00:00]} 70. a4 {[%emt 0:00:00]} Kc5 {[%emt 0:00:00]} 71. Rf1 {[%emt 0:00:43]} d4 {[%emt 0:00:00]} 72. Ra1 {[%emt 0:01:19]} d3 {[%emt 0:00:00]} 73. a5 $11 {[%emt 0:00:44]} Rh8 {[%emt 0:00:00]} 74. a6 {[%emt 0:02:08]} Kc4 {[%emt 0:00:00]} 75. a7 {[%emt 0:02:22]} d2 {[%emt 0:00:00]} 76. Kf5 {[%emt 0:00:52]} Kc3 {[%emt 0:00:00]} 77. g4 {[%emt 0:00:43]} Kc2 {[%emt 0:00:00]} 78. g5 {[%emt 0:00:39]} d1=Q {[%emt 0:00:00]} 79. Rxd1 {[%emt 0:00:21]} Kxd1 {[%emt 0:00:00]} 80. g6 {[%emt 0:00:13]} Ra8 {[%emt 0:00:00]} 81. g7 {[%emt 0:00:37]} Kd2 {[%emt 0:00:00]} 82. Ke6 {[%emt 0:00:42]} Kd3 {[%emt 0:00:00]} 83. Kd5 {[%emt 0:00:42]} Ke3 {[%emt 0:00:00]} 84. Kc6 {[%emt 0:00:16]} Rg8 {[%emt 0:00:00]} 85. Kb7 {[%emt 0:00:06]} Rxg7+ {[%emt 0:00:00]} 86. Kb8 {[%emt 0:00:03]} Rxa7 {[%emt 0:00:00]} 87. Kxa7 {[%emt 0:00:03]} 1/2-1/2

[Event "GER-ch Youth U12M 2018"]
[Site "Willingen"]
[Date "2018.05.25"]
[Round "9"]
[White "Bui, Bao Anh Le"]
[Black "Hommer, Jeremy"]
[Result "1/2-1/2"]
[WhiteElo "1974"]
[BlackElo "1897"]
[Annotator "NA RC"]
[PlyCount "68"]
[EventDate "2018.05.19"]
[EventType "swiss"]
[EventCountry "GER"]
[SourceTitle "playchess.com"]
[Source "ChessBase"]
[SourceQuality "1"]
[TimeControl "40/4500+30:900+30"]

1. e4 {[%emt 0:00:00]} e6 {[%emt 0:00:06]} 2. d4 {[%emt 0:00:00]} d5 {[%emt 0:00:03]} 3. Nc3 {[%emt 0:00:02]} Nf6 {[%emt 0:00:02]} 4. Bg5 {[%emt 0:00:14]} dxe4 {[%emt 0:00:04]} 5. Nxe4 {[%emt 0:00:21]} Be7 {[%emt 0:00:06]} 6. Bxf6 {[%emt 0:00:05]} gxf6 {[%emt 0:00:09]} 7. Nf3 {[%emt 0:01:30]} f5 {[%emt 0:00:10]} 8. Ng3 {[%emt 0:00:49] LiveBook: 86 Games} c6 {[%emt 0:11:54] C13: French: Classical System: 4 Bg5 Be7, Alekhine-Chatard Attack} (8... h5 9. h4 c5 10. Bb5+ Kf8 11. c3 cxd4 12. Qxd4 Qxd4 13. Nxd4 f4 14. Nge2 e5 15. Nf3 f6 16. Bc4 {0-1 (54) Kosteniuk,A (2550)-Sutovsky,E (2647) Gibraltar 2016}) 9. Qd2 {[%emt 0:03:24]} Nd7 {[%emt 0:05:22]} 10. Nh5 {[%emt 0:04:37]} Bf8 $146 {[%emt 0:17:43]} (10... Nf6 $14 11. Nxf6+ Bxf6) ({Predecessor:} 10... Rg8 11. O-O-O b6 12. Bd3 Bb7 13. Rhg1 Nf6 14. Nxf6+ Bxf6 15. Qe2 Qe7 {0-1 (58) Neme,J-Lopez,R (2250) Buenos Aires 1992}) 11. Qf4 {[%emt 0:15:21]} (11. Be2 $16) 11... Rg8 {[%emt 0:07:54]} 12. Ne5 {[%emt 0:26:56]} Qg5 {[%emt 0:07:04]} 13. Nxd7 {[%emt 0:02:20]} Bxd7 {[%emt 0:02:12]} 14. Qxg5 {[%emt 0:01:02]} Rxg5 {[%emt 0:00:10]} 15. Nf6+ {[%emt 0:00:44]} Ke7 {[%emt 0:01:34]} 16. Nxh7 {[%emt 0:00:22]} Rg4 {[%emt 0:02:01]} 17. Nxf8 {[%emt 0:00:41]} Re4+ {[%emt 0:02:37]} 18. Kd2 {[%emt 0:00:41]} Rxf8 {[%emt 0:00:18]} 19. c3 {[%emt 0:00:07]} Rd8 {[%emt 0:03:14]} 20. g3 {[%emt 0:05:02]} Rg4 {[%emt 0:00:24]} 21. Be2 {[%emt 0:00:19]} Rgg8 {[%emt 0:01:10]} 22. Kc2 {[%emt 0:04:47]} Rc8 {[%emt 0:05:53]} 23. Bf3 {[%emt 0:01:13]} Kf6 {[%emt 0:01:39]} 24. h4 {[%emt 0:01:15]} b6 {[%emt 0:01:28]} 25. Rad1 {[%emt 0:02:35]} Rc7 {[%emt 0:01:26]} 26. c4 {[%emt 0:04:19]} Bc8 {[%emt 0:01:24]} 27. b4 {[%emt 0:01:48]} c5 {[%emt 0:02:43]} 28. dxc5 {[%emt 0:02:23]} bxc5 {[%emt 0:00:22]} 29. b5 {[%emt 0:00:03]} Bb7 {[%emt 0:01:37]} 30. Bxb7 {[%emt 0:00:57]} Rxb7 {[%emt 0:00:01]} 31. Kc3 $18 {[%emt 0:05:05]} f4 {[%emt 0:01:40]} 32. Rhg1 {[%emt 0:00:42]} fxg3 {[%emt 0:01:22]} 33. fxg3 {[%emt 0:00:03]} Kf5 {[%emt 0:01:34]} 34. Rdf1+ {[%emt 0:00:24]} Ke5 1/2-1/2

[Event "GER-ch Youth U12M 2018"]
[Site "Willingen"]
[Date "2018.05.25"]
[Round "9"]
[White "Eilenberg, Jonas"]
[Black "Tham, Nam"]
[Result "0-1"]
[WhiteElo "1852"]
[BlackElo "1866"]
[Annotator "NA RC"]
[PlyCount "106"]
[EventDate "2018.05.19"]
[EventType "swiss"]
[EventCountry "GER"]
[SourceTitle "playchess.com"]
[Source "ChessBase"]
[SourceQuality "1"]
[TimeControl "40/4500+30:900+30"]

1. d4 {[%emt 0:00:00]} d5 {[%emt 0:00:05]} 2. c4 {[%emt 0:00:00]} e6 {[%emt 0:00:06]} 3. Nc3 {[%emt 0:00:00]} c6 {[%emt 0:00:05]} 4. Bf4 {[%emt 0:00:00]} Nf6 {[%emt 0:00:18]} 5. e3 {[%emt 0:00:00]} Nbd7 {[%emt 0:00:43]} 6. Bd3 {[%emt 0:01:34]} Be7 {[%emt 0:01:19]} 7. Nf3 {[%emt 0:00:49]} O-O {[%emt 0:01:58]} 8. cxd5 {[%emt 0:00:35]} exd5 {[%emt 0:00:46]} 9. h3 {[%emt 0:00:12]} Re8 {[%emt 0:01:00] LiveBook: 85 Games} 10. O-O {[%emt 0:00:14]} h6 {[%emt 0:02:13] D35: Queen's Gambit Declined: Exchange Variation} (10... Nf8 11. Qc2 Ng6 12. Bh2 Bd6 13. Bxd6 Qxd6 14. Rab1 a5 15. a3 Ne7 16. Na4 g6 17. Nc5 Nd7 18. b4 axb4 19. axb4 b6 20. Na4 b5 21. Nc3 Nb6 22. e4 {½-½ (47) Macieja,B (2651)-L'Ami,E (2624) Khanty-Mansiysk 2010}) 11. Qc2 {[%emt 0:01:34]} Nf8 {[%emt 0:02:25]} 12. Rab1 {[%emt 0:02:42]} a5 {[%emt 0:01:33]} 13. a3 {[%emt 0:05:13]} Bd6 $146 {[%emt 0:01:29]} ({Predecessor:} 13... Ne6 14. Bh2 Nc7 15. b4 axb4 16. axb4 Bd6 17. Ne5 Nd7 18. Nxd7 Qxd7 19. Bxd6 Qxd6 {½-½ (31) Pashev,D (1966)-Paunchev,D (2055) Sunny Beach 2015}) 14. Bxd6 {[%emt 0:01:34]} Qxd6 {[%emt 0:00:07]} 15. Ne5 {[%emt 0:00:53]} N6d7 {[%emt 0:02:19]} 16. Nf3 {[%emt 0:02:13]} Nf6 {[%emt 0:01:13]} 17. Ne2 {[%emt 0:01:02]} Ne4 {[%emt 0:03:31]} 18. Bxe4 {[%emt 0:05:06]} Rxe4 {[%emt 0:02:01]} 19. Ng3 {[%emt 0:04:30]} Re8 {[%emt 0:01:16]} 20. b4 {[%emt 0:04:08]} b5 {[%emt 0:06:00]} 21. Rfc1 {[%emt 0:01:38]} Bd7 {[%emt 0:02:57]} 22. Ne5 {[%emt 0:01:03]} Rec8 {[%emt 0:00:32]} 23. Qc5 {[%emt 0:08:22]} Qxc5 {[%emt 0:04:32]} 24. Rxc5 {[%emt 0:01:55]} f6 {[%emt 0:03:57]} 25. Nf3 {[%emt 0:00:55]} Ne6 {[%emt 0:01:23]} 26. Rc3 {[%emt 0:00:42]} Nd8 {[%emt 0:00:44]} 27. Nh4 {[%emt 0:01:05]} Nb7 {[%emt 0:02:30]} 28. Nhf5 {[%emt 0:01:17]} Kf7 {[%emt 0:00:27]} 29. f3 {[%emt 0:03:01]} axb4 {[%emt 0:09:50]} 30. axb4 {[%emt 0:00:28]} Ra4 {[%emt 0:04:39]} 31. e4 {[%emt 0:01:21]} dxe4 {[%emt 0:04:59]} 32. fxe4 {[%emt 0:00:48]} Kf8 {[%emt 0:05:29]} 33. Rc2 {[%emt 0:05:36]} ({White should try} 33. e5 $14) 33... Kf7 {[%emt 0:02:38]} (33... g6 $11 34. Nxh6 Nd6) 34. Kf2 {[%emt 0:00:42]} Kf8 {[%emt 0:00:21]} 35. Ke2 {[%emt 0:03:36]} Kf7 {[%emt 0:00:40]} 36. Ne3 {[%emt 0:00:43]} g6 {[%emt 0:01:18]} 37. Nh1 {[%emt 0:01:30]} Nd6 {[%emt 0:03:58]} 38. Nf2 {[%emt 0:01:24]} Re8 {[%emt 0:03:14]} 39. Kf3 {[%emt 0:02:06]} Ra3 {[%emt 0:01:50]} 40. Rd2 {[%emt 0:01:53] [#]} Bf5 $1 {[%emt 0:20:28]} 41. Rc1 {[%emt 0:23:13]} Bxe4+ {[%emt 0:00:00]} 42. Nxe4 {[%emt 0:00:00]} Nxe4 {[%emt 0:00:00]} 43. Re2 {[%emt 0:00:00]} Re6 {[%emt 0:00:00]} 44. Kf4 $2 {[%emt 0:00:00]} (44. Rd1) 44... g5+ $19 {[%emt 0:00:00]} 45. Kg4 {[%emt 0:00:00]} Kg6 {[%emt 0:00:00]} 46. h4 {[%emt 0:00:00]} f5+ {[%emt 0:00:00]} 47. Kh3 {[%emt 0:00:00]} f4 {[%emt 0:00:00]} 48. d5 {[%emt 0:00:00]} cxd5 {[%emt 0:00:00]} 49. Rc7 {[%emt 0:00:00]} Rxe3+ {[%emt 0:00:00]} 50. Rxe3 {[%emt 0:00:00]} fxe3 {[%emt 0:00:00]} 51. h5+ {[%emt 0:00:00]} Kxh5 {[%emt 0:00:00]} 52. Rg7 {[%emt 0:00:00]} Nf2+ {[%emt 0:00:00]} 53. Kg3 {[%emt 0:00:00]} e2 {[%emt 0:00:14]} 0-1

[Event "GER-ch Youth U12M 2018"]
[Site "Willingen"]
[Date "2018.05.25"]
[Round "9"]
[White "Farokhi, Keyvan"]
[Black "Foerster-Yialamas, Lucas"]
[Result "1-0"]
[WhiteElo "1844"]
[BlackElo "1924"]
[Annotator "NA RC"]
[PlyCount "71"]
[EventDate "2018.05.19"]
[EventType "swiss"]
[EventCountry "GER"]
[SourceTitle "playchess.com"]
[Source "ChessBase"]
[SourceQuality "1"]
[TimeControl "40/4500+30:900+30"]

1. d4 {[%emt 0:00:00]} Nf6 {[%emt 0:00:04]} 2. c4 {[%emt 0:00:00]} g6 {[%emt 0:00:03]} 3. Nc3 {[%emt 0:00:00]} d5 {[%emt 0:00:01]} 4. cxd5 {[%emt 0:00:00]} Nxd5 {[%emt 0:00:01]} 5. e4 {[%emt 0:00:52]} Nxc3 {[%emt 0:00:01]} 6. bxc3 {[%emt 0:00:37]} Bg7 {[%emt 0:00:01]} 7. Be3 {[%emt 0:00:28]} c5 {[%emt 0:00:09]} 8. Rc1 {[%emt 0:01:08]} O-O {[%emt 0:00:14]} 9. Qd2 {[%emt 0:00:12]} Qa5 {[%emt 0:00:39]} 10. d5 {[%emt 0:01:20]} Rd8 {[%emt 0:01:19]} 11. Nf3 {[%emt 0:00:41]} Bg4 {[%emt 0:02:49] D85: Grünfeldindisch (Abtauschvariante, 7.Sf3 bzw nicht 7.Lc4)} (11... e6 12. Bg5 f6 13. Be3 Nc6 14. Bd3 Ne7 15. c4 Qxd2+ 16. Nxd2 b6 17. O-O h6 18. Rfd1 f5 19. f3 g5 {½-½ (27) Onischuk,A (2682)-Svidler,P (2751) Tbilisi 2017}) 12. c4 {[%emt 0:05:00]} (12. Ng5 $14) 12... Qa3 {[%emt 0:02:18]} 13. h4 $146 {[%emt 0:08:43] [#]} ({Vorgänger:} 13. Be2 b6 14. Qc2 Bb2 15. Rb1 Bxf3 16. Bxf3 Qc3+ 17. Kd1 Qxc2+ 18. Kxc2 Bf6 19. e5 Bxe5 20. d6 Nd7 21. dxe7 {1-0 (21) Barria Zuniga,D (2428)-Hj,E (2168) Turin 2006}) 13... Nc6 $1 {[%emt 0:03:19]} 14. Nh2 {[%emt 0:01:18]} Bc8 {[%emt 0:05:52]} 15. h5 {[%emt 0:08:26]} Nd4 {[%emt 0:03:36]} (15... b6 $11 16. Bh6 Bb2) 16. hxg6 {[%emt 0:01:39]} fxg6 {[%emt 0:04:40]} 17. Nf3 {[%emt 0:09:24]} Nxf3+ {[%emt 0:01:28]} 18. gxf3 {[%emt 0:00:13]} Bd7 {[%emt 0:04:41]} 19. Be2 {[%emt 0:02:14]} Ba4 {[%emt 0:00:44]} 20. Kf1 {[%emt 0:02:10]} Bb2 {[%emt 0:05:10]} 21. Rb1 {[%emt 0:00:04]} Bc3 {[%emt 0:01:05]} 22. Bxc5 {[%emt 0:00:40]} Bxd2 {[%emt 0:00:34]} 23. Bxa3 {[%emt 0:00:08]} Rd7 {[%emt 0:01:02]} 24. e5 {[%emt 0:06:50]} Bc2 {[%emt 0:02:39]} 25. Ra1 {[%emt 0:10:56]} (25. Rb2 $18 {is the precise move to win.} Bc1 26. Rxc2 Bxa3 27. f4) 25... Ba4 $2 {[%emt 0:06:13]} (25... b6 $16) 26. e6 {[%emt 0:01:15]} Rc7 {[%emt 0:00:08]} 27. c5 {[%emt 0:00:29]} Bf4 {[%emt 0:03:13]} 28. d6 {[%emt 0:03:19]} Rc6 $2 {[%emt 0:02:10]} (28... exd6 29. cxd6 Rc6) 29. d7 {[%emt 0:00:46]} a6 {[%emt 0:01:12]} 30. Rb1 $18 {[%emt 0:01:16]} Rxe6 {[%emt 0:04:00]} 31. Bc4 {[%emt 0:00:16]} Bb5 {[%emt 0:00:01]} 32. Rxb5 {[%emt 0:00:10]} axb5 {[%emt 0:00:49]} 33. Bxe6+ {[%emt 0:00:07]} Kg7 {[%emt 0:00:13]} 34. Bb2+ {[%emt 0:00:07]} Kf8 {[%emt 0:00:24]} 35. Rxh7 {[%emt 0:00:07]} Be5 {[%emt 0:00:19]} 36. Bxe5 {[%emt 0:00:06]} 1-0